Khảo sát tình hình bệnh do vi khuẩn E. coli trên vịt và thử nghiệm quy trình phòng trị bệnh tại tỉnh Trà Vinh : Luận văn tốt nghiệp Cao học. Chuyên ngành Thú y

Khảo sát tình hình nhiễm của vi khuẩn E. coli trên vịt, sự hiện diện của một số nhóm huyết thanh E. coli gây bệnh và tính đề kháng kháng sinh của vi khuẩn E. coli gây bệnh trên vịt tại tỉnh Trà Vinh

Guardado en:
Detalles Bibliográficos
Autor principal: Nguyễn, Hà Vinh
Formato: Libro
Lenguaje:Undetermined
Publicado: Cần Thơ Trường Đại học Cần Thơ 2018
Materias:
Etiquetas: Agregar Etiqueta
Sin Etiquetas, Sea el primero en etiquetar este registro!
Thư viện lưu trữ: Trung tâm Học liệu Trường Đại học Cần Thơ
LEADER 01160nam a2200229Ia 4500
001 CTU_228154
008 210402s9999 xx 000 0 und d
082 |a 636.597089 
082 |b V312 
088 |a 8640101 
100 |a Nguyễn, Hà Vinh 
245 0 |a Khảo sát tình hình bệnh do vi khuẩn E. coli trên vịt và thử nghiệm quy trình phòng trị bệnh tại tỉnh Trà Vinh : 
245 0 |b Luận văn tốt nghiệp Cao học. Chuyên ngành Thú y 
245 0 |c Nguyễn Hà Vinh ; Hồ Thị Việt Thu (Cán bộ hướng dẫn) 
260 |a Cần Thơ 
260 |b Trường Đại học Cần Thơ 
260 |c 2018 
520 |a Khảo sát tình hình nhiễm của vi khuẩn E. coli trên vịt, sự hiện diện của một số nhóm huyết thanh E. coli gây bệnh và tính đề kháng kháng sinh của vi khuẩn E. coli gây bệnh trên vịt tại tỉnh Trà Vinh 
650 |a Poultry,Gia cầm 
650 |x Diseases,Bệnh 
910 |b nthai 
980 |a Trung tâm Học liệu Trường Đại học Cần Thơ